000 01036nam a22002657i 4500
003 URS
005 20220117151142.0
008 180108b xxu||||| |||| 00| 0 eng d
050 1 4 _aLB 3013.34.P6
_bM2651 2013
100 1 _aMadiam, Marielee P,
_eauthor
245 1 0 _aExtent of bullying among Grade 6 and Grade 7 Pupils of Laboratory Grade School in University of Rizal System Tanay S.Y. 2013-2014 /
_cMarielee P. Madiam, Ryan Fernandez Isaga.
260 1 _c2013.
300 _axv, 83 leaves ;
_billustrations (some colour)
_c28 cm
336 _2rdacontent
_atext
336 _2rdacontent
_astill image
337 _2rdamedia
_aunmediated
338 _2rdacarrier
_avolume
502 _aThesis
_bBachelor of Science in Psychology
_cUniversity of Rizal System
_d2013
504 _aInclude bibliographical references.
610 2 4 _aUniversity of Rizal System
_bTanay Campus
_xStudents
650 0 _aBullying in schools
700 1 _aIsaga, Ryan Fernandez
_eauthor
700 1 _aGran, Esperanza V.
_edegree supervisor
942 _2lcc
_cT
999 _c16947
_d16947